[Event "FIDE Grand Prix Mallorca"]
[Site "Palma de Mallorca ESP"]
[Date "2017.11.25"]
[EventDate "2017.11.16"]
[Round "9.3"]
[Result "1/2-1/2"]
[White "Evgeny Tomashevsky"]
[Black "Ding Liren"]
[WhiteElo "2702"]
[BlackElo "2774"]
[PlyCount "46"]

1. d4 Nf6 2. c4 e6 3. g3 d5 4. Bg2 Bb4+ 5. Nd2 O-O 6. Nf3 dxc4
7. Qc2 a5 8. a3 Bxd2+ 9. Bxd2 b5 10. a4 c6 11. e4 e5 12. dxe5
Nfd7 13. Be3 Na6 14. O-O Ndc5 15. Rfd1 Qc7 16. axb5 cxb5
17. Nd4 Rb8 18. Nf5 Nb3 19. Rab1 Nb4 20. Qc3 Na2 21. Qc2 Nb4
22. Qc3 Na2 23. Qc2 Nb4 1/2-1/2

[Event "Chinese Chess League"]
[Site "China CHN"]
[Date "2017.12.04"]
[EventDate "2017.04.18"]
[Round "21.5"]
[Result "1/2-1/2"]
[White "Ding Liren"]
[Black "Zhao Zong-Yuan"]
[WhiteElo "2777"]
[BlackElo "2543"]
[PlyCount "296"]

1. c4 e6 2. Nc3 Nf6 3. e4 d5 4. cxd5 exd5 5. e5 Ne4 6. Nf3 Nc6
7. Bb5 Nxc3 8. dxc3 Be7 9. O-O O-O 10. Re1 Bf5 11. Bxc6 bxc6
12. Nd4 Qd7 13. Be3 a5 14. Qa4 c5 15. Nc6 Kh8 16. b3 Rfe8
17. Nxe7 Qxa4 18. bxa4 Rxe7 19. Bxc5 Re6 20. Rad1 Rc6 21. Be7
Rxc3 22. Rxd5 Rc4 23. a3 Rxa4 24. Rc1 c6 25. Rd2 Re4 26. Bd6
c5 27. h3 Rd4 28. Rxd4 cxd4 29. g4 Rc8 30. Rd1 Be6 31. Rxd4
Rc4 32. Rd2 h5 33. f3 Rc3 34. Kf2 hxg4 35. hxg4 Kh7 36. Rd4
Bc8 37. Rf4 Kg6 38. Ra4 Rc2+ 39. Kg3 Rc3 40. Kf2 Rc2+ 41. Ke3
Rc3+ 42. Ke2 Rb3 43. e6 Bxe6 44. Rxa5 f5 45. gxf5+ Bxf5
46. Be5 Be6 47. f4 Kf5 48. Bd6+ Kf6 49. a4 g6 50. Rc5 Bf5
51. a5 Ke6 52. Be5 Ra3 53. Bc3 Kd7 54. Kd2 Ra4 55. Be5 Ra2+
56. Ke3 Ra4 57. Bc3 Kd6 58. Rb5 Kc6 59. Rb6+ Kc5 60. Bd2 Ra3+
61. Ke2 Ra2 62. Rb8 Kc6 63. Rd8 Kb7 64. Kf2 Ra3 65. Rd6 Kc7
66. Rf6 Ra4 67. Be3 Kb7 68. Rb6+ Ka8 69. Rb5 Bd3 70. Rd5 Bf5
71. Kg3 Ra3 72. Re5 Kb7 73. Kh4 Ka6 74. Bd2 Ra2 75. Rd5 Ra3
76. Rd6+ Kb7 77. Bb4 Ra4 78. Rb6+ Ka8 79. Kg5 Ra2 80. Kf6 Ka7
81. Ke5 Ra1 82. Kd5 Ka8 83. Rf6 Kb7 84. Kc4 Rd1 85. a6+ Ka8
86. Kb5 Rd8 87. Bd6 Ka7 88. Rf7+ Ka8 89. Be5 Re8 90. Bd6 Rd8
91. Rf6 Rc8 92. Kb6 Rd8 93. Be5 Re8 94. Rf7 Re6+ 95. Ka5 Re8
96. Bc7 Be4 97. Bd6 Rd8 98. Rf6 Bd3 99. Bc5 Bf5 100. Rf7 Re8
101. Rg7 Be4 102. Ra7+ Kb8 103. Rd7 Ka8 104. Bd6 Bf5 105. Rf7
Rd8 106. Be5 Re8 107. Rg7 Be4 108. Rd7 Bf5 109. Rf7 Be4
110. Bd6 Rd8 111. Rf6 Bd3 112. Kb6 Bf5 113. Kc6 Rc8+ 114. Kb5
Rd8 115. Kb6 Be4 116. Kc7 Re8 117. Kd7 Rh8 118. Bc5 Bf5+
119. Kc6 Rc8+ 120. Kb6 Rb8+ 121. Ka5 Rd8 122. Rf7 Re8 123. Bd6
Rd8 124. Be5 Re8 125. Rc7 Be4 126. Bd6 Rd8 127. Be7 Re8
128. Kb6 Rb8+ 129. Ka5 Re8 130. Bf6 Bf5 131. Rc6 Rc8 132. Rd6
Rc5+ 133. Kb6 Rc8 134. a7 Re8 135. Be7 Bc8 136. Rxg6 Rxe7
137. Rg8 Re6+ 138. Kb5 Kxa7 139. Rxc8 Kb7 140. Rc5 Re4 141. f5
Rf4 142. Ka5 Ka7 143. Kb5 Kb7 144. Rd5 Kc7 145. Kc5 Ra4
146. Re5 Kd7 147. f6 Ra6 148. f7 Rf6 1/2-1/2

[Event "Chinese Chess League"]
[Site "China CHN"]
[Date "2017.12.05"]
[EventDate "2017.04.18"]
[Round "22.2"]
[Result "1/2-1/2"]
[White "Zhao Jun"]
[Black "Ding Liren"]
[WhiteElo "2604"]
[BlackElo "2777"]
[PlyCount "108"]

1. e4 c5 2. Nf3 e6 3. d4 cxd4 4. Nxd4 Nc6 5. Nc3 Qc7 6. Be2
Nf6 7. O-O Be7 8. Be3 O-O 9. f4 d6 10. Kh1 a6 11. Qe1 Nxd4
12. Bxd4 b5 13. a3 Nd7 14. Bd3 Bb7 15. Rf3 Rae8 16. Rh3 e5
17. fxe5 dxe5 18. Be3 Bd8 19. Qe2 f5 20. a4 fxe4 21. Nxe4 Bxe4
22. Bxe4 Nf6 23. Bg1 Nxe4 24. Qxe4 h6 25. axb5 axb5 26. Qd5+
Kh7 27. Rc3 Qf7 28. Qxb5 Bf6 29. Qe2 e4 30. Rb3 Qe6 31. Rb6
Qd7 32. Rd1 Qc7 33. c3 e3 34. Bxe3 Kh8 35. Qd3 Be5 36. h3 Rd8
37. Qe2 Rxd1+ 38. Qxd1 Qc4 39. Kg1 Qh4 40. Bd4 Qg3 41. Bxe5
Qe3+ 42. Kh2 Qxb6 43. b4 Kh7 44. Qd5 Rf5 45. Qd3 Qg6 46. Bg3
Rf7 47. Qxg6+ Kxg6 48. b5 Rb7 49. c4 Kf5 50. Bf2 Ke6 51. Kg3
Rc7 52. c5 Rb7 53. b6 Kd5 54. Be3 Kc6 1/2-1/2

[Event "IMSA Elite Mind Games (Rapid)"]
[Site "?"]
[Date "2017.12.10"]
[EventDate "?"]
[Round "1.4"]
[Result "1/2-1/2"]
[White "Anton Korobov"]
[Black "Ding Liren"]
[WhiteElo "2765"]
[BlackElo "2734"]
[PlyCount "105"]

1. d4 Nf6 2. c4 e6 3. Nf3 d5 4. Nc3 c6 5. Bg5 h6 6. Bh4 dxc4
7. e4 g5 8. Bg3 b5 9. Be2 Bb7 10. Qc2 Nh5 11. Be5 Rg8 12. d5
Nd7 13. Rd1 g4 14. dxc6 Bxc6 15. Nd4 Qb6 16. Nxc6 Qxc6 17. Bd4
Nf4 18. g3 Nxe2 19. Qxe2 Nc5 20. O-O Nd3 21. b3 Rd8 22. bxc4
bxc4 23. Nd5 Be7 24. Nf6+ Bxf6 25. Bxf6 Rc8 26. Rxd3 cxd3
27. Qxd3 Rg6 28. e5 Kf8 29. Qa3+ Kg8 30. Qxa7 Ra8 31. Qd4 Qd5
32. Qxd5 exd5 33. Rb1 Kh7 34. Rb7 Rgg8 35. Rxf7+ Kg6 36. Rd7
Rgc8 37. h3 h5 38. Rg7+ Kf5 39. Rg5+ Ke6 40. Rxh5 gxh3 41. g4
Rxa2 42. Rh7 d4 43. Rxh3 Rcc2 44. Rf3 d3 45. Rxd3 Rxf2
46. Rd6+ Kf7 47. Bh4 Rg2+ 48. Kf1 Rh2 49. Rd7+ Ke6 50. Rd6+
Kf7 51. Rd7+ Ke6 52. Rd6+ Kf7 53. Rd7+ 1/2-1/2

[Event "IMSA Elite Mind Games (Rapid)"]
[Site "?"]
[Date "2017.12.10"]
[EventDate "?"]
[Round "2.5"]
[Result "1-0"]
[White "Ding Liren"]
[Black "Dmitry Andreikin"]
[WhiteElo "2734"]
[BlackElo "2705"]
[PlyCount "125"]

1. Nf3 d5 2. g3 g6 3. Bg2 Bg7 4. d4 Nf6 5. O-O O-O 6. c4 c6
7. b3 Bf5 8. Bb2 a5 9. Nc3 Ne4 10. Ne5 Nxc3 11. Bxc3 Be6
12. cxd5 cxd5 13. Rc1 Nc6 14. e3 Bxe5 15. dxe5 Qd7 16. Qd3 d4
17. exd4 Bd5 18. Rfd1 Rfd8 19. Qb5 Bxg2 20. Kxg2 Qd5+ 21. Qxd5
Rxd5 22. f4 f5 23. Kf3 Kf7 24. a4 e6 25. Bb2 Rd7 26. Rc4 Nb4
27. Ba3 Nd5 28. Rdc1 Ra6 29. Bd6 Rb6 30. Rb1 Rc6 31. Rc5 Rxc5
32. dxc5 Rd8 33. Rc1 Rc8 34. c6 bxc6 35. Rc5 Ra8 36. Rxc6 Ke8
37. Ke2 Kd7 38. Rc5 h6 39. h4 Ra6 40. Kd3 h5 41. Kc4 Ra7
42. Rb5 Ra6 43. Rb7+ Kc6 44. Rg7 Ne3+ 45. Kd4 Nd5 46. Rxg6 Kd7
47. Rg7+ Kc6 48. Rg6 Kd7 49. Bc5 Ra8 50. Rg5 Rh8 51. Rg7+ Kc6
52. Ra7 Rd8 53. Ra6+ Nb6+ 54. Bd6 Rg8 55. Rxa5 Rxg3 56. Rc5+
Kb7 57. Rc7+ Ka6 58. Bc5 Rf3 59. Rc6 Ka5 60. Bxb6+ Kb4
61. Rc4+ Kxb3 62. Kc5 Rd3 63. Rd4 1-0

[Event "IMSA Elite Mind Games (Rapid)"]
[Site "?"]
[Date "2017.12.10"]
[EventDate "?"]
[Round "3.1"]
[Result "1/2-1/2"]
[White "Vladislav Artemiev"]
[Black "Ding Liren"]
[WhiteElo "2687"]
[BlackElo "2734"]
[PlyCount "71"]

1. d4 Nf6 2. Bg5 d5 3. Nd2 c5 4. e3 Nc6 5. Ngf3 cxd4 6. exd4
Bg4 7. c3 e6 8. Bd3 Bd6 9. O-O O-O 10. Qb1 h6 11. Bh4 Qc7
12. Bg3 Bxg3 13. hxg3 Rab8 14. Re1 b5 15. a3 a5 16. Ne5 Nxe5
17. Rxe5 Nd7 18. Re3 e5 19. Bh7+ Kh8 20. Bf5 Bxf5 21. Qxf5 g6
22. Qh3 Kg7 23. dxe5 Nxe5 24. Qh4 Nc6 25. Nf3 Rfe8 26. Rae1
Rxe3 27. Rxe3 b4 28. axb4 axb4 29. Nd4 Qd6 30. Nxc6 Qxc6
31. Qf4 bxc3 32. Rxc3 Qb6 33. Rc7 Rf8 34. b4 d4 35. Rd7 Qxb4
36. Qxd4+ 1/2-1/2

[Event "IMSA Elite Mind Games (Rapid)"]
[Site "?"]
[Date "2017.12.10"]
[EventDate "?"]
[Round "4.1"]
[Result "0-1"]
[White "Ding Liren"]
[Black "Shakhriyar Mamedyarov"]
[WhiteElo "2734"]
[BlackElo "2814"]
[PlyCount "118"]

1. Nf3 Nf6 2. c4 e6 3. g3 d5 4. d4 dxc4 5. Bg2 a6 6. O-O Nc6
7. e3 Rb8 8. Nfd2 e5 9. Bxc6+ bxc6 10. dxe5 Ng4 11. Nxc4 Be6
12. Qxd8+ Rxd8 13. Nbd2 Bb4 14. b3 h5 15. f3 Bxd2 16. Nxd2
Nxe3 17. Rf2 h4 18. g4 Rd3 19. Bb2 O-O 20. Re1 Rfd8 21. Bc1
Nc2 22. Ref1 Ne3 23. Re1 Nc2 24. Ref1 Bd5 25. Ne4 Nd4 26. Bg5
Re8 27. Bxh4 Rxe5 28. Bg3 Re7 29. Bf4 f6 30. h4 Bxe4 31. fxe4
Rxe4 32. Kh2 Ne6 33. g5 Rdd4 34. Bg3 fxg5 35. hxg5 Nxg5
36. Rc2 Rd3 37. Bxc7 Nf3+ 38. Kh1 Rh4+ 39. Kg2 Rg4+ 40. Kh1
Nd2 41. Rd1 Rh3+ 42. Bh2 Nf3 43. Rf2 Rgh4 44. Kg2 Nxh2
45. Rd8+ Kh7 46. Rff8 Ng4 47. Rh8+ Kg6 48. Rxh4 Rxh4 49. Rd6+
Kf5 50. Rxc6 Rh6 51. Rc5+ Ne5 52. b4 Rd6 53. a4 g5 54. b5 axb5
55. Rxb5 Rd4 56. a5 Kf4 57. a6 Ra4 58. Rb6 Ra2+ 59. Kf1 g4 0-1

[Event "IMSA Elite Mind Games (Rapid)"]
[Site "?"]
[Date "2017.12.11"]
[EventDate "?"]
[Round "5.4"]
[Result "0-1"]
[White "Rauf Mamedov"]
[Black "Ding Liren"]
[WhiteElo "2695"]
[BlackElo "2734"]
[PlyCount "118"]

1. e4 e5 2. Nc3 Nf6 3. g3 Bc5 4. Bg2 O-O 5. d3 Re8 6. h3 c6
7. Nge2 d5 8. exd5 Nxd5 9. O-O Be6 10. Kh2 Nd7 11. Ne4 Bf8
12. d4 h6 13. c4 N5f6 14. Nxf6+ Nxf6 15. b3 exd4 16. Nxd4 Bc5
17. Be3 Qb6 18. Qd2 Rad8 19. Rad1 Bc8 20. Qc3 a5 21. Nc2 Bf5
22. Bxc5 Qxc5 23. Ne3 Bg6 24. Rfe1 Ne4 25. Qb2 Rxd1 26. Nxd1
Re6 27. Ne3 Rd6 28. Rd1 Rxd1 29. Nxd1 a4 30. bxa4 Qxc4
31. Qxb7 Qxa4 32. Qd7 Nf6 33. Qd2 c5 34. Ne3 Ne4 35. Qb2 Qd4
36. Qb8+ Kh7 37. Qf4 Nc3 38. a3 Qxf4 39. gxf4 Bd3 40. f5 c4
41. f6 g5 42. Bd5 Nxd5 43. Nxd5 Kg6 44. f3 Kf5 45. a4 Ke5
46. Nc3 Kd4 47. a5 Bf5 48. a6 Bd7 49. a7 Bc6 50. Nb5+ Kc5
51. Nc3 Kb4 52. Na2+ Kb3 53. Nc1+ Kc2 54. Ne2 Kd3 55. Nc1+ Ke3
56. Kg3 Bxf3 57. h4 g4 58. h5 Kd2 59. Na2 c3 0-1

[Event "IMSA Elite Mind Games (Rapid)"]
[Site "?"]
[Date "2017.12.11"]
[EventDate "?"]
[Round "6.2"]
[Result "1/2-1/2"]
[White "Wang Hao"]
[Black "Ding Liren"]
[WhiteElo "2770"]
[BlackElo "2734"]
[PlyCount "118"]

1. d4 Nf6 2. c4 e6 3. Nf3 d5 4. Nc3 c6 5. e3 Nbd7 6. Bd3 dxc4
7. Bxc4 b5 8. Bd3 Bb7 9. a3 b4 10. Na4 bxa3 11. O-O axb2
12. Bxb2 Be7 13. Qc2 O-O 14. Ne5 Qc7 15. Nxd7 Qxd7 16. Nc5 Qc7
17. Rfc1 h6 18. e4 Nd7 19. Nxb7 Qxb7 20. Rab1 Rfc8 21. Qe2 a5
22. g3 Bb4 23. h4 c5 24. d5 exd5 25. exd5 Re8 26. Qh5 Qc7
27. d6 Qxd6 28. Bc4 Ne5 29. Bxe5 Rxe5 30. Qxf7+ Kh8 31. Rd1
Qe7 32. Qg6 Qe8 33. Bf7 Qe7 34. Bc4 Qf6 35. Qxf6 gxf6 36. Rd6
a4 37. Rxf6 a3 38. Kg2 Rd8 39. Rxh6+ Kg7 40. Ra6 Rd4 41. Ra7+
Kf6 42. Rc1 Ree4 43. Bb3 Re2 44. Ra6+ Ke7 45. h5 Rb2 46. Bg8
Rd8 47. Ra7+ Kf6 48. Bc4 Rdd2 49. Rf7+ Kg5 50. h6 Kxh6
51. Rh1+ Kg6 52. Rh4 Rd4 53. Rxd4 cxd4 54. Ra7 Kf6 55. Kf3 Be1
56. Rxa3 Rxf2+ 57. Ke4 Bc3 58. Ra2 Rxa2 59. Bxa2 Ke5+ 1/2-1/2

[Event "IMSA Elite Mind Games (Rapid)"]
[Site "?"]
[Date "2017.12.11"]
[EventDate "?"]
[Round "7.4"]
[Result "1/2-1/2"]
[White "Ding Liren"]
[Black "Vassily Ivanchuk"]
[WhiteElo "2734"]
[BlackElo "2796"]
[PlyCount "76"]

1. d4 Nf6 2. c4 g6 3. g3 c6 4. Bg2 d5 5. Nf3 Bg7 6. b3 b6
7. O-O O-O 8. Bb2 Bb7 9. Nc3 Nbd7 10. Qc2 e6 11. e4 Nxe4
12. Nxe4 dxe4 13. Qxe4 Qc7 14. Ne5 Nxe5 15. dxe5 Rab8 16. Rfd1
c5 17. Qe2 Bxg2 18. Kxg2 Rfd8 19. Bc3 Qc6+ 20. Qf3 Qxf3+
21. Kxf3 h5 22. Ke4 Bf8 23. f4 Be7 24. h3 Rxd1 25. Rxd1 Rd8
26. Rxd8+ Bxd8 27. b4 a6 28. b5 a5 29. Be1 Kf8 30. g4 hxg4
31. hxg4 Ke8 32. f5 Bg5 33. f6 Bc1 34. Bg3 Kd7 35. Bf4 Bxf4
36. Kxf4 Ke8 37. Kg5 Kf8 38. Kh6 Kg8 1/2-1/2

[Event "IMSA Elite Mind Games (Blitz)"]
[Site "?"]
[Date "2017.12.12"]
[EventDate "?"]
[Round "1.4"]
[Result "1-0"]
[White "Ding Liren"]
[Black "Shakhriyar Mamedyarov"]
[WhiteElo "2837"]
[BlackElo "2770"]
[PlyCount "79"]

1. d4 Nf6 2. c4 e6 3. g3 d5 4. Bg2 dxc4 5. Nf3 a6 6. O-O Nc6
7. e3 Rb8 8. Nfd2 e5 9. Bxc6+ bxc6 10. dxe5 Ng4 11. Nxc4 Be6
12. Nbd2 h5 13. f3 Rb4 14. fxg4 Bxc4 15. Nxc4 Qxd1 16. Rxd1
Rxc4 17. Bd2 Rxg4 18. Ba5 Bc5 19. Kf2 Bb6 20. Bc3 Rg6 21. Kf3
Re6 22. Rd3 O-O 23. Rad1 f6 24. Rd8 h4 25. gxh4 fxe5+ 26. Ke4
Rh6 27. Be1 Rg6 28. Rxf8+ Kxf8 29. Bg3 Rg4+ 30. Kf5 Rc4 31. e4
Bd4 32. Bxe5 Bxe5 33. Kxe5 Rc2 34. Ke6 Kg8 35. e5 Rxb2 36. Ke7
c5 37. e6 c4 38. Kd7 c5 39. e7 Rb7+ 40. Ke6 1-0

[Event "IMSA Elite Mind Games (Blitz)"]
[Site "?"]
[Date "2017.12.12"]
[EventDate "?"]
[Round "2.4"]
[Result "1-0"]
[White "Vladislav Artemiev"]
[Black "Ding Liren"]
[WhiteElo "2798"]
[BlackElo "2837"]
[PlyCount "151"]

1. d4 Nf6 2. Nf3 d5 3. c3 g6 4. Bf4 Bg7 5. e3 O-O 6. Be2 c5
7. O-O Nc6 8. Nbd2 Nd7 9. Qb3 c4 10. Qa3 b5 11. e4 Nb6 12. Qc5
dxe4 13. Nxe4 Qd5 14. Qxd5 Nxd5 15. Bg3 f5 16. Nc5 f4 17. Bh4
Bf5 18. a4 a6 19. Nxa6 Rxa6 20. axb5 Rxa1 21. Rxa1 Nb8
22. Bxc4 e6 23. Ra7 h6 24. Bxd5 exd5 25. Be7 Re8 26. Bd6 Nd7
27. Bxf4 g5 28. Be3 Rb8 29. Ra5 Bd3 30. h4 g4 31. Nh2 h5
32. f3 gxf3 33. Nxf3 Rxb5 34. Ra8+ Kf7 35. Ra7 Ke8 36. b4 Bf6
37. Bg5 Be4 38. Nd2 Bxg5 39. hxg5 Bg6 40. Nf3 Rb6 41. Ra5 Be4
42. Nd2 Rc6 43. c4 Bd3 44. c5 Rg6 45. b5 Rxg5 46. b6 Ke7
47. b7 Nb8 48. Nf3 Rg8 49. Ra8 Be4 50. Ne5 Rxg2+ 51. Kf1 h4
52. Rxb8 Rb2 53. Rg8 h3 54. b8=Q Rxb8 55. Rxb8 h2 56. Rh8
h1=Q+ 57. Rxh1 Bxh1 58. Kf2 Kd8 59. Ke3 Kc7 60. Kf4 Be4
61. Ng4 Kc6 62. Ke5 Bf3 63. Nf6 Bg2 64. Ng8 Kd7 65. Nh6 Kc6
66. Ke6 Bf3 67. Nf7 Bg2 68. Ke7 Be4 69. Ng5 Bg2 70. Ne6 Bh3
71. Kf6 Kb5 72. Nd8 Kc4 73. Ke5 Bd7 74. c6 Bc8 75. Nf7 Ba6
76. Nd6+ 1-0

[Event "IMSA Elite Mind Games (Blitz)"]
[Site "?"]
[Date "2017.12.12"]
[EventDate "?"]
[Round "3.3"]
[Result "1/2-1/2"]
[White "Ding Liren"]
[Black "Pentala Harikrishna"]
[WhiteElo "2837"]
[BlackElo "2759"]
[PlyCount "74"]

1. Nf3 d5 2. g3 c5 3. Bg2 Nc6 4. d4 e6 5. O-O Nf6 6. c4 dxc4
7. dxc5 Qxd1 8. Rxd1 Bxc5 9. Nfd2 O-O 10. Nxc4 Rd8 11. Rxd8+
Nxd8 12. Nc3 Bd7 13. Na5 Ng4 14. Ne4 Bb4 15. Bd2 Bxd2 16. Nxd2
Ne5 17. Rc1 Rc8 18. Rxc8 Bxc8 19. f4 Nd7 20. Ndc4 b6 21. Nc6
Nxc6 22. Bxc6 Ba6 23. Nd6 Nb8 24. Bb5 Bxb5 25. Nxb5 Nc6
26. Kf2 Kf8 27. e4 e5 28. Ke3 exf4+ 29. gxf4 Ke7 30. e5 f6
31. exf6+ Kxf6 32. Ke4 Ke6 33. Nc7+ Kd7 34. Nb5 Ke6 35. Nc7+
Kd7 36. Nb5 Ke6 37. Ke5+ Kxe5 1/2-1/2

[Event "IMSA Elite Mind Games (Blitz)"]
[Site "?"]
[Date "2017.12.12"]
[EventDate "?"]
[Round "4.5"]
[Result "0-1"]
[White "Rauf Mamedov"]
[Black "Ding Liren"]
[WhiteElo "2770"]
[BlackElo "2837"]
[PlyCount "124"]

1. e4 e5 2. Nc3 Nf6 3. g3 Bc5 4. Bg2 O-O 5. h3 c6 6. d3 d5
7. Qe2 Re8 8. Nf3 Nbd7 9. Nh4 Nf8 10. Bg5 Ne6 11. Bxf6 Qxf6
12. exd5 Nd4 13. Qd2 e4 14. O-O g5 15. Nxe4 Rxe4 16. dxe4 gxh4
17. c3 Nf3+ 18. Bxf3 Qxf3 19. Qg5+ Kh8 20. Qd8+ Kg7 21. Qxh4
Be7 22. Qf4 Qxf4 23. gxf4 cxd5 24. Rfe1 dxe4 25. Rxe4 Bd6
26. Rd1 Bf5 27. Rc4 Be7 28. Kg2 Rd8 29. Rxd8 Bxd8 30. Rc5 Kf6
31. Kg3 b6 32. Rd5 Bc7 33. Rd4 Ke6 34. Rd2 a5 35. Re2+ Kf6
36. Re8 Bd6 37. a3 a4 38. f3 Bc5 39. Ra8 Bc2 40. Re8 Bd3
41. Ra8 b5 42. Rd8 Bc4 43. Re8 Be6 44. Rb8 Bc4 45. Re8 Bd6
46. Rd8 Ke7 47. Rh8 Bd3 48. Rc8 Kd7 49. Ra8 Bc5 50. f5 Be3
51. f4 Bc1 52. Ra7+ Ke8 53. Ra8+ Ke7 54. Ra6 Bxb2 55. f6+ Kd7
56. f5 Bxf5 57. Kf4 Be6 58. Ra7+ Kd6 59. Ra6+ Kd5 60. Rb6 Kc4
61. Ke4 Bxa3 62. Rc6+ Bc5 {...} 0-1

[Event "IMSA Elite Mind Games (Blitz)"]
[Site "?"]
[Date "2017.12.12"]
[EventDate "?"]
[Round "5.2"]
[Result "0-1"]
[White "Ding Liren"]
[Black "Yu Yangyi"]
[WhiteElo "2837"]
[BlackElo "2701"]
[PlyCount "66"]

1. c4 c5 2. Nf3 Nf6 3. g3 b6 4. Bg2 Bb7 5. O-O e6 6. d3 Be7
7. e4 O-O 8. Nc3 d6 9. Re1 a6 10. d4 cxd4 11. Nxd4 Qc7 12. Be3
Nbd7 13. Rc1 Rac8 14. b3 Qb8 15. f4 Rfe8 16. g4 Nc5 17. Bf2 g6
18. f5 e5 19. Nc2 gxf5 20. exf5 Bxg2 21. Kxg2 Qb7+ 22. Kg1
Nce4 23. Nxe4 Nxe4 24. Qf3 d5 25. Ne3 Bc5 26. Nxd5 Bxf2+
27. Kg2 Bxe1 28. Rxe1 Nc5 29. Qe3 Nd7 30. Qg5+ Kh8 31. Re3 Rg8
32. Qh4 Rxg4+ 33. Qxg4 Rg8 0-1

[Event "IMSA Elite Mind Games (Blitz)"]
[Site "?"]
[Date "2017.12.12"]
[EventDate "?"]
[Round "6.6"]
[Result "0-1"]
[White "Dmitry Andreikin"]
[Black "Ding Liren"]
[WhiteElo "2771"]
[BlackElo "2837"]
[PlyCount "154"]

1. d4 Nf6 2. Bg5 d5 3. Nd2 c5 4. dxc5 e6 5. b4 b6 6. c4 bxc5
7. cxd5 exd5 8. Ngf3 cxb4 9. Bxf6 Qxf6 10. e4 Bd6 11. Bd3 O-O
12. O-O Nd7 13. exd5 Nc5 14. Nc4 Nxd3 15. Qxd3 Ba6 16. Rac1
Rac8 17. Qe4 Rfe8 18. Nxd6 Rxe4 19. Rxc8+ Bxc8 20. Nxe4 Qb2
21. d6 Qxa2 22. Rc1 Be6 23. Nd4 Qb2 24. Rd1 Bc8 25. Nc5 Qc3
26. Ndb3 h6 27. h4 a5 28. Rc1 Qe5 29. d7 Bxd7 30. Nxd7 Qe8
31. Nb6 Qb5 32. Nc4 a4 33. Nd4 Qc5 34. Nf3 b3 35. Nfd2 b2
36. Rb1 a3 37. Nxb2 axb2 38. Kf1 Qc2 39. Ke2 f5 40. g3 Kf7
41. Ke3 Ke6 42. Ke2 g5 43. hxg5 hxg5 44. Rh1 Kd5 45. Rd1 Kd4
46. Ke1 Ke5 47. Nf3+ Kf6 48. Nd2 Kg6 49. Ke2 Kh5 50. Rh1+ Kg6
51. Rd1 g4 52. Rh1 Kg5 53. Rd1 f4 54. gxf4+ Kxf4 55. Rb1 Ke5
56. Ke3 Qc3+ 57. Ke2 Kf4 58. Rd1 Qc1 59. Ke1 Qc2 60. Ke2 Ke5
61. Ke1 Kd4 62. Nb1+ Ke4 63. Nd2+ Kf4 64. Ke2 Ke5 65. Ke1 Kd4
66. Nb1+ Kc5 67. Nd2 Kb4 68. Nb1 Qe4+ 69. Kf1 Qc4+ 70. Ke1
Qe6+ 71. Kf1 Kb3 72. Re1 Qc4+ 73. Kg1 Qd5 74. Re3+ Kc2 75. Re1
Qf3 76. Kf1 g3 77. Re2+ Qxe2+ 0-1

[Event "IMSA Elite Mind Games (Blitz)"]
[Site "?"]
[Date "2017.12.12"]
[EventDate "?"]
[Round "7.1"]
[Result "1-0"]
[White "Ding Liren"]
[Black "Le Quang Liem"]
[WhiteElo "2837"]
[BlackElo "2771"]
[PlyCount "85"]

1. d4 Nf6 2. c4 e6 3. g3 d5 4. Bg2 Bb4+ 5. Nd2 O-O 6. Ngf3 b6
7. O-O Bb7 8. b3 Nbd7 9. Bb2 Re8 10. Rc1 a5 11. cxd5 exd5
12. Nb1 Bd6 13. Nc3 c6 14. Re1 h6 15. Nh4 Bb4 16. a3 Bf8
17. e4 dxe4 18. Nxe4 Rc8 19. Nc3 Rxe1+ 20. Qxe1 g6 21. Nf3 Bg7
22. Ne5 Ba8 23. Ne4 Nxe4 24. Bxe4 c5 25. Bxa8 Rxa8 26. Rd1
Nxe5 27. dxe5 Qc7 28. Rd6 Re8 29. Rd5 Kh7 30. Qe2 Re7 31. a4
f6 32. h4 fxe5 33. h5 Qc6 34. Qe4 Rf7 35. Bxe5 Bxe5 36. hxg6+
Qxg6 37. Qxe5 Qb1+ 38. Kg2 Qxb3 39. Qe4+ Kg7 40. Rd6 Qb2
41. Qg6+ Kf8 42. Rd8+ Ke7 43. Qd6# 1-0

[Event "IMSA Elite Mind Games (Blitz)"]
[Site "?"]
[Date "2017.12.12"]
[EventDate "?"]
[Round "8.1"]
[Result "0-1"]
[White "Ding Liren"]
[Black "Wang Hao"]
[WhiteElo "2837"]
[BlackElo "2737"]
[PlyCount "131"]

1. d4 Nf6 2. c4 e6 3. g3 d5 4. Bg2 dxc4 5. Nf3 Bb4+ 6. Bd2 a5
7. O-O O-O 8. Bg5 h6 9. Bxf6 Qxf6 10. a3 Bd6 11. Nc3 Nc6
12. Rc1 e5 13. d5 Nd4 14. Nxd4 exd4 15. Ne4 Qe7 16. Rxc4 Bf5
17. Nxd6 cxd6 18. Rxd4 Rac8 19. e4 Bd7 20. Qd2 Rc5 21. b4 axb4
22. axb4 Rc7 23. Rc1 Rfc8 24. Rxc7 Rxc7 25. Rd3 Qf6 26. Ra3 g5
27. h3 Kg7 28. Kh2 Rc4 29. Ra7 Bc8 30. Ra8 Bd7 31. Ra7 Bc8
32. Ra3 Bd7 33. Ra7 Bc8 34. b5 h5 35. f4 h4 36. fxg5 hxg3+
37. Kxg3 Rc3+ 38. Kh4 Qe5 39. Qf2 Rc2 40. Qf6+ Qxf6 41. gxf6+
Kxf6 42. Bf3 Ke5 43. Bg4 Bxg4 44. hxg4 Kf4 45. Kh3 Rc3+
46. Kg2 Rc7 47. b6 Re7 48. Ra8 Kxe4 49. Rc8 Kxd5 50. Rc7 Ke6
51. Rc1 d5 52. Kf3 Kd6 53. Kf4 d4 54. Kf5 Kd5 55. Kf6 Rd7
56. Rc7 Rd6+ 57. Kxf7 d3 58. Rc1 Rxb6 59. g5 Rb2 60. g6 Rf2+
61. Ke7 Rg2 62. Kf7 d2 63. Rd1 Kd4 64. g7 Kd3 65. Ra1 Ke2
66. g8=Q 0-1

[Event "IMSA Elite Mind Games (Blitz)"]
[Site "?"]
[Date "2017.12.12"]
[EventDate "?"]
[Round "9.2"]
[Result "1-0"]
[White "Alexander Grischuk"]
[Black "Ding Liren"]
[WhiteElo "2725"]
[BlackElo "2837"]
[PlyCount "87"]

1. Nf3 d5 2. b3 Bf5 3. Bb2 e6 4. g3 Nf6 5. Nh4 Be4 6. f3 Bg6
7. Bg2 c5 8. Nxg6 hxg6 9. e4 Nc6 10. e5 Nd7 11. f4 g5 12. f5
Ndxe5 13. fxe6 fxe6 14. Qe2 Bd6 15. Na3 a6 16. O-O-O Nd4
17. Qe1 Qe7 18. Nb1 O-O-O 19. Nc3 Kb8 20. Kb1 g4 21. Na4 Nef3
22. Qe3 b5 23. Nc3 Qg5 24. Qxg5 Nxg5 25. a4 b4 26. Na2 Ngf3
27. Nc1 Rxh2 28. Rxh2 Nxh2 29. Nd3 Nhf3 30. Nf2 Bxg3 31. Nxg4
g5 32. c3 Nh4 33. cxd4 Nxg2 34. Rg1 cxd4 35. Rxg2 Bf4 36. Bxd4
Kc7 37. Be5+ Bxe5 38. Nxe5 Rg8 39. d4 Rg7 40. Kc2 a5 41. Kd2
Kd6 42. Rxg5 Rxg5 43. Nf7+ Ke7 44. Nxg5 1-0

[Event "IMSA Elite Mind Games (Blitz)"]
[Site "?"]
[Date "2017.12.12"]
[EventDate "?"]
[Round "10.5"]
[Result "1-0"]
[White "Ding Liren"]
[Black "Vassily Ivanchuk"]
[WhiteElo "2837"]
[BlackElo "2815"]
[PlyCount "55"]

1. d4 Nf6 2. c4 g6 3. Nf3 Bg7 4. g3 c6 5. Nc3 d5 6. cxd5 cxd5
7. Ne5 Nfd7 8. f4 Nb6 9. Bg2 O-O 10. O-O Nc6 11. Be3 e6
12. Bf2 Ne7 13. e4 dxe4 14. Nxe4 Nbd5 15. Nc3 b6 16. Nxd5 Nxd5
17. Rc1 Bb7 18. Qa4 Qe7 19. Rc2 Rfc8 20. Rfc1 Rxc2 21. Rxc2 a6
22. Qd7 Qxd7 23. Nxd7 Rc8 24. Rxc8+ Bxc8 25. Bxd5 Bxd7 26. Bb7
a5 27. d5 Bxb2 28. Bc6 1-0

[Event "IMSA Elite Mind Games (Blitz)"]
[Site "?"]
[Date "2017.12.12"]
[EventDate "?"]
[Round "11.1"]
[Result "0-1"]
[White "Anton Korobov"]
[Black "Ding Liren"]
[WhiteElo "2760"]
[BlackElo "2837"]
[PlyCount "94"]

1. d4 Nf6 2. c4 e6 3. Nf3 d5 4. Nc3 c6 5. e3 Nbd7 6. Qc2 Bd6
7. Be2 O-O 8. b3 b6 9. Bb2 Bb7 10. O-O Re8 11. Rad1 Qe7
12. Rfe1 Rad8 13. Bf1 e5 14. g3 e4 15. Nh4 Qe6 16. cxd5 cxd5
17. Nb5 Rc8 18. Qd2 Bb8 19. Rc1 g5 20. Ng2 Qh3 21. Nh4 Qg4
22. Be2 Qe6 23. Ng2 a6 24. Rxc8 Rxc8 25. Nc3 Qh3 26. Qd1 h5
27. f4 exf3 28. Bxf3 h4 29. Ne2 hxg3 30. Nxg3 g4 31. Nf4 Bxf4
32. Bg2 Qh7 33. exf4 Kg7 34. f5 Rh8 35. Kf2 a5 36. Bc1 Ba6
37. Qd2 Qh4 38. Qf4 Rc8 39. Qd2 Ne4+ 40. Bxe4 dxe4 41. Kg1 Nf6
42. d5 Bd3 43. Bb2 Rc2 44. Bxf6+ Kxf6 45. Nxe4+ Bxe4 46. Qd4+
Kg5 47. Qg7+ Kf4 0-1